Macroeconomic models for adjustment in developing countries / (Record no. 403)
[ view plain ]
| 000 -LEADER | |
|---|---|
| fixed length control field | 01339nam a22001817a 4500 |
| 008 - FIXED-LENGTH DATA ELEMENTS--GENERAL INFORMATION | |
| fixed length control field | 111215t xxu||||| |||| 00| 0 eng d |
| 020 ## - INTERNATIONAL STANDARD BOOK NUMBER | |
| International Standard Book Number | 1557752192 |
| 050 ## - LIBRARY OF CONGRESS CALL NUMBER | |
| Classification number | HC59.7.M239 |
| 245 ## - TITLE STATEMENT | |
| Title | Macroeconomic models for adjustment in developing countries / |
| Statement of responsibility, etc. | edited by Moshin S. Khan, Peter J. Montiel and Nadeem U. Hague. |
| 260 ## - PUBLICATION, DISTRIBUTION, ETC. | |
| Place of publication, distribution, etc. | U.S.A.: |
| Name of publisher, distributor, etc. | International Monetary Fund, |
| Date of publication, distribution, etc. | c1991. |
| 300 ## - PHYSICAL DESCRIPTION | |
| Extent | vii, 323 p. |
| Other physical details | ill. |
| Dimensions | 23cm. |
| 505 ## - FORMATTED CONTENTS NOTE | |
| Formatted contents note | Contents: Introduction -- A Model of adjustment and growth: An Empirical analysis -- Stabilization programs in developing countries: A Formal framework -- Prices, output, and the trade balance in Iran -- Oil wealth and economic behaviour: The Case of Venezuela -- Financial, exchange rate, and wage policies in Singapore -- Domestic credit and exchange rates in developing countries: Some policy experiments with Korean data -- Stabilization policies in developing countries with a parallel market foreign exchange -- A Macroeconomic model for developing countries -- Dynamic responses to policy and exogenous shocks in an empirical developing country model with rational expectations -- A Forward-looking macroeconomic simulation model for a developing country. |
| 650 ## - SUBJECT ADDED ENTRY--TOPICAL TERM | |
| Topical term or geographic name entry element | Macroeconomic. |
| 700 ## - ADDED ENTRY--PERSONAL NAME | |
| Personal name | Khan, Moshin S. |
| 700 ## - ADDED ENTRY--PERSONAL NAME | |
| Personal name | Montiel, Peter J. |
| 700 ## - ADDED ENTRY--PERSONAL NAME | |
| Personal name | Haque, Nadeem U. |
| 942 ## - ADDED ENTRY ELEMENTS (KOHA) | |
| Source of classification or shelving scheme | Library of Congress Classification |
| Koha item type | Books |
| Withdrawn status | Lost status | Source of classification or shelving scheme | Damaged status | Not for loan | Home library | Current library | Shelving location | Date acquired | Total Checkouts | Full call number | Barcode | Date last seen | Price effective from | Koha item type |
|---|---|---|---|---|---|---|---|---|---|---|---|---|---|---|
| Library of Congress Classification | WISCONSIN INTERNATIONAL UNIVERSITY COLLEGE, GHANA - MAIN LIBRARY | WISCONSIN INTERNATIONAL UNIVERSITY COLLEGE, GHANA - MAIN LIBRARY | General Stacks | 15/12/2011 | HC59.7.M239 | 1039/11 | 15/12/2011 | 15/12/2011 | Books |
